00453nam a2200157Ia 4500003000400000008004100004040001600045082001700061100002600078245008000104700002000184260003600204650001100240650001300251650003100264GCL140319s9999 xx 000 0 eng d aGCL / cGCL04a629.231bC P1 aCOHEN, LUANNE SEYMOUR10aPROFESSIONAL STUDIO TECHNIQUES: DESIGN ESSENTIALS / cCOHEN, LUANNE SEYMOUR1 aWENDLING, TANYA a[S.N] : bADOBE PRESS ، c199504aDESIGN04aPAINTING04aPATTERN DESIGN OF CLOTHING